Countries by Rugby Union Players - Statistics

General Stats
  • This quiz has been taken 28 times
  • The average score is 22 of 40
Answer Stats
Hint Answer % Correct
Alun Wyn Jones | George North Wales
96%
Owen Farrell | Maro Itoje England
92%
Antoine Dupont | Damian Penaud France
92%
Beauden, Scott, and Jordie Barrett New Zealand
92%
Johnny Sexton | Tadhg Furlong Ireland
88%
Finn Russell | Stuart Hogg Scotland
88%
Marcus Smith | Freddie Steward England
84%
Peter O’Mahoney | Joey Carbery Ireland
84%
Sam Cane | Aaron Smith New Zealand
84%
Handre Polland | Eben Etzebeth South Africa
84%
Darcy Graham | Duhan van der Merwe Scotland
80%
Michael Hooper | Faf de Klerk South Africa
80%
Charles Ollivan | Matthieu Jalibert France
76%
Nick Tompkins | Louis Rees-Zammit Wales
76%
Nic White | James Slipper Australia
72%
Tommaso Allan | Paolo Garbisi Italy
72%
Jamison Gibson-Park | James Lowe Ireland
68%
Rieko Ioane | Tupou Vaa’i New Zealand
64%
Lukhanyo Am | Ox Nche South Africa
60%
Sonatane Takulua | Ben Tameifuna Tonga
60%
Ben Volavola | Waisea Nayacalevu Fiji
56%
Scott Sio | Bernard Foley Australia
52%
Santiago Carreras | Pablo Matera Argentina
48%
Kotaru Matsushima | Yu Tamura Japan
48%
Jack Lam | Chris Vui Samoa
48%
Davit Niniashvili | Beka Saghinadze Georgia
40%
Michael Leitch | Wimpie van der Walt Japan
40%
Allan Alaalatoa | Pete Samu Australia
32%
Vrimi Vakataka | Demba Bamba France
32%
David Sisi | Ignacio Brex Italy
32%
Julian Montoya | Agustin Creevy Argentina
28%
Sam Matavesi | Eroni Mawi Fiji
28%
Merab Sharikadze | Alexander Todua Georgia
28%
Rodrigo Fernandez | Santiago Videla Chile
24%
PJ van Lil | Johan Deysel Namibia
24%
Florin Vlaicu | Catalin Fercu Romania
24%
Diego Magno | Gaston Mieres Uruguay
16%
Rodrigo Marta | Raffaele Storti Portugal
12%
Djustice Sears-Duru | Kainoa Lloyd Canada
8%
Ruben de Haas | Cam Dolan United States of America
8%
No matching quizzes found
Score Distribution
Percent of People with Each Score
Percentile by Number Answered
Your Score History
You have not taken this quiz